000 00436nam a2200181Ia 4500
001 1281
005 20260306140620.0
008 260306t2002||||xx |||||||||||||| ||spa||
041 _aESP
082 _a190.9
_bP59
100 _aPintor-Ramos, Antonio
_eAUT
245 0 _aHistoria de la filosofía contemporánea
260 _c2002
300 _a379 páginas :
_c21 cm.
650 _aGEN
654 _aCHU
942 _cLIB
_dJUS
_fJUS
_2ddc
_n
999 _c1281
_d1281